[Event "VIE-ch U13"]
[Site "Hanoi"]
[Date "2022.06.13"]
[Round "3"]
[White "Hoang, Dinh Duy"]
[Black "Ho, Dang Nhat Minh"]
[Result "1/2-1/2"]
[WhiteElo "2370"]
[BlackElo "2343"]
[PlyCount "53"]
[EventDate "2022.06.11"]
[EventType "swiss"]
[EventRounds "9"]
[EventCountry "VIE"]
[SourceTitle "EXT 2023"]
[Source "ChessBase"]
[SourceDate "2022.10.05"]
[SourceVersion "1"]
[SourceVersionDate "2022.10.05"]
[SourceQuality "1"]

1. e4 d5 2. exd5 Qxd5 3. Nc3 Qd8 4. Nf3 Nf6 5. Bc4 e6 6. d4 c5 7. 0-0 Be7 8. h3 0-0 9. Be3 Nd5 10. Nxd5 exd5 11. Bd3 Nd7 12. Re1 Nf6 13. c3 h6 14. Qd2 Ne4 15. Bxe4 dxe4 16. Ne5 Kh7 17. Bf4 f6 18. Nc4 b5 19. Qe2 f5 20. Ne5 Qe8 21. f3 g5 22. Bh2 Bd6 23. fxe4 Bxe5 24. Bxe5 f4 25. Bd6 Rg8 26. Kh1 g4 27. Bxf4 1/2-1/2

[Event "VIE-ch U13"]
[Site "Hanoi"]
[Date "2022.06.11"]
[Round "1"]
[White "Hoang, Dinh Duy"]
[Black "Tran, Dai Loi"]
[Result "1-0"]
[WhiteElo "2370"]
[BlackElo "2345"]
[PlyCount "75"]
[EventDate "2022.06.11"]
[EventType "swiss"]
[EventRounds "9"]
[EventCountry "VIE"]
[SourceTitle "EXT 2023"]
[Source "ChessBase"]
[SourceDate "2022.10.05"]
[SourceVersion "1"]
[SourceVersionDate "2022.10.05"]
[SourceQuality "1"]

1. e4 d6 2. d4 Nf6 3. Nc3 g6 4. Nf3 Bg7 5. Bb5+ c6 6. Bd3 0-0 7. Be3 Bg4 8. h3 Bd7 9. 0-0 b5 10. a3 Re8 11. Qd2 e5 12. dxe5 dxe5 13. Bh6 Na6 14. Qg5 Nh5 15. Bxg7 f6 16. Bxf6 Qxf6 17. Qxf6 Nxf6 18. b4 Nc7 19. Ne2 Kg7 20. Ng3 Rad8 21. Rfd1 Re7 22. c4 bxc4 23. Bxc4 Nb5 24. Rd3 Rde8 25. a4 Nc7 26. Nd2 Be6 27. Bxe6 Nxe6 28. Rc1 Nd4 29. Nb3 Nxb3 30. Rxb3 Re6 31. Rbc3 Rb8 32. Rc4 Rb7 33. f3 Ne8 34. Rb1 a5 35. Nf1 Nc7 36. Ne3 Na6 37. Nc2 axb4 38. Na1 1-0